Statistieken voor Top 4 landen EK voetbal mannen

Klik hier om de quiz te nemen!

Algemene statistieken

  • Deze quiz is 449 keer genomen
    (28 sinds de laatste reset)
  • De gemiddelde score is 16 van 20

Antwoordstatistieken

Hint1e% Correct
Engeland
100%
1984Frankrijk
100%
1968Italië
100%
1988Nederland
100%
2016Portugal
100%
1964Spanje
100%
België
89%
1996Duitsland
89%
1972(West-)Duitsland
89%
Zweden
89%
1992Denemarken
84%
2004Griekenland
79%
Hongarije
74%
Rusland
74%
Joegoslavië
68%
Turkije
68%
Tsjechië
63%
Wales
58%
1976Tsjechoslowakije
47%
1960Sovjetunie
42%

Scoreverdeling

Percentiel versus Aantal Correcte Antwoorden

Procent van Mensen met Elke Score

Uw Scoregeschiedenis

U heeft deze quiz nog niet genomen sinds de laatste reset